000 00273nam a2200109Ia 4500
008 190913s9999||||xx |||||||||||||| ||und||
100 _aJohn Vacca
245 4 _aThe Essential Guide To Storage Area Networks
260 _aUSA
_b McGraw Hill
_c1999
300 _a538
942 _cBK
999 _c8166
_d8166